| 000 | 00429nam a2200157Ia 4500 | ||
|---|---|---|---|
| 008 | 210716s2019 xx 000 0 und d | ||
| 020 | _a9789389307207 | ||
| 041 | _aeng | ||
| 082 | _a658.4012 SINS | ||
| 100 | _aSingh, Shamsher. | ||
| 245 |
_aStrategic management: concepts and practices. _bConcepts and practices. |
||
| 250 | _a1 | ||
| 260 |
_aNew Delhi _bWILEY _c2019 |
||
| 300 | _axiii,490 | ||
| 650 | _aStrategic Management | ||
| 999 |
_c211584 _d211584 |
||